Дифференциальная геометрия четырехпараметрического многообразия окружностей в трехмерном евклидовом пространстве; Труды Томского государственного университета; Т. 196 : Геометрический сборник

Bibliographic Details
Parent link:Труды Томского государственного университета/ Томский государственный университет (ТГУ) ; отв. ред. В. Т. Макаров.— , 1932-
Т. 196 : Геометрический сборник.— 1968.— С. 161-170
Main Author: Вайнтруб М. Р.
Language:Russian
Published: 1968
Subjects:
Format: Book Chapter
KOHA link:https://koha.lib.tpu.ru/cgi-bin/koha/opac-detail.pl?biblionumber=590768

MARC

LEADER 00000naa2a2200000 4500
001 590768
005 20231101131628.0
035 |a (RuTPU)RU\TPU\tpu\194 
035 |a TPU00000194 
090 |a 590768 
100 |a 20011210d1968 k y0rusy50 ca 
101 0 |a rus 
102 |a RU 
200 1 |a Дифференциальная геометрия четырехпараметрического многообразия окружностей в трехмерном евклидовом пространстве  |f М. Р. Вайнтруб 
461 1 |0 (RuTPU)RU\TPU\book\211718  |t Труды Томского государственного университета  |f Томский государственный университет (ТГУ) ; отв. ред. В. Т. Макаров  |d 1932-  
463 1 |0 (RuTPU)RU\TPU\retro\29413  |t Т. 196 : Геометрический сборник  |o сборник статей  |h Вып. 7  |f Томский государственный университет ; под ред. Р. Н. Щербакова  |v С. 161-170  |d 1968  |p 176 с.  |s Серия механико-математическая 
610 1 |a математика 
610 1 |a окружности 
610 1 |a дифференциальная геометрия 
610 1 |a многообразия 
610 1 |a евклидово пространство 
610 1 |a труды учёных ТПУ 
700 1 |a Вайнтруб  |b М. Р. 
801 0 |a RU  |b 63413507  |c 20011210  |g PSBO 
801 2 |a RU  |b 63413507  |c 20221214  |g PSBO 
942 |c BK